000
00299nam a2200121 4500
999
_c
10878
_d
10878
003
OSt
005
20221019172420.0
008
221019b ||||| |||| 00| 0 eng d
100
_a
Martin M Pegler
245
_a
Stores of the year /5
260
_a
New York
_b
Retail reporting corporation
942
_2
ddc